Library Banner

Hukum Islam di pertikai? (Record no. 99912)

MARC details
000 -LEADER
fixed length control field 00425nam a22001577a 4500
005 - DATE AND TIME OF LATEST TRANSACTION
control field 20171110095228.0
008 - FIXED-LENGTH DATA ELEMENTS--GENERAL INFORMATION
fixed length control field 171110b xxu||||| |||| 00| 0 eng d
020 ## - INTERNATIONAL STANDARD BOOK NUMBER
International Standard Book Number 9679400123
040 ## - CATALOGING SOURCE
Transcribing agency PK-LaUMT
082 ## - DEWEY DECIMAL CLASSIFICATION NUMBER
Classification number PKAC 297
Item number RAZ-H
100 ## - MAIN ENTRY--PERSONAL NAME
Personal name Razali Hj. Nawawi
245 ## - TITLE STATEMENT
Title Hukum Islam di pertikai?
Statement of responsibility, etc Razali Hj. Nawawi
260 ## - PUBLICATION, DISTRIBUTION, ETC. (IMPRINT)
Place of publication, distribution, etc Kuala Lumpur:
Name of publisher, distributor, etc Angkatan belia Islam Malaysia,
Date of publication, distribution, etc 1983
300 ## - PHYSICAL DESCRIPTION
Extent 120 p.
942 ## - ADDED ENTRY ELEMENTS (KOHA)
Koha item type Books
Holdings
Withdrawn status Lost status Damaged status Home library Current library Date acquired Full call number Barcode Date last seen Price effective from Koha item type
      UMT Main Campus UMT Main Campus 2017-11-10 PKAC 297 RAZ-H 115797 2017-11-10 2017-11-10 Books